Дело о приходе и расходе: о сборе денег с маскарадов и о расходах по этому случаю

Доступно только в Электронных читальных залах Найти на картеНа карте
RUSMARC
00003612nmc2a22000003x 450
001bfb33262-5664-4ee3-84d3-1b744acb8557
00520181127154439.0
100##$a20161228l18241825k l0rusy0189 ca
1010#$arus
102##$aRU
2001#$aДело о приходе и расходе: о сборе денег с маскарадов и о расходах по этому случаю
$j10 апреля 1824 г. - 12 февраля 1825 г.
251##$cДело
300##$aДело
801#0$aRU
$bРГИА
$c20161228
$gRCR
801#1$aRU
$bГлавНИВЦ
$c20161228
$2rusmarc
801#2$aRU
$bПБ им. Б.Н. Ельцина
$c20181127
$gRCR
$2rusmarc
850##$aРГИА
852##$aРГИА
$eФедеральное казенное учреждение "Российский государственный исторический архив" (РГИА)
$j2671
937##$hРГИА
$d12235951
$aASBIBLIO_SCAN
462#0$1001dd3991dc-24e1-42ec-8838-ca4255420416
$12001
$a1746-1850 гг.
$1251
$cОпись
$1852
$j1
461#0$10019264ebf8-de62-4f1a-9eb4-9f22098dbbd5
$12001
$aДирекция императорских театров МИДв
$1251
$cФонд
$1852
$j497
215##$a62 л.
$d36,5х26 см
371##$aДокумент не является опубликованным и широко распространяемым
105##$ay###
1222#$ad
035##$abfb33262-5664-4ee3-84d3-1b744acb8557
856##$uhttp://readingroom.main.prlib.ru/item.aspx?id_node=n121063825&mode=full
Формат отображения